00337nam a2200133Ia 4500008004100000041000800041082001400049100001700063245004500080260003800125300002600163365000700189440000700196240624s9999 xx 000 0 und d aeng a658.4 PRA aPRASAD V R K aMANAGERIAL EFFECTIVENESS CONCEPTS AND CA c2004aHyderabadbICFAI University av, : 205 : p. ; 23cm. cRS vII